000 01006nam a2200181 i 4500
001 153486
003 ES-MaACL
005 20230906205238.0
008 990601s1767 fr |||| | fre d
040 _aCCPB | B
_bspa
_cCCPB | B
245 0 0 _aDictionnaire historique des auteurs ecclésiastiques renfermant la vie des peres & des docteurs de l'Eglise ... avec le catalogue de leurs principaux ouvrages ... le tour suivi d'une table chronologique pour l'histoire de l'Eglise ... ;Tome premier [- quatrième].
260 _aA Lyon :
_bchez la veuve Bessiat, libraire,
_c1767.
300 _a4 v. (XXIV, 364 p. ; [2] 270 p.; [2] 260 p.; [4], 254, 74 p ;
_c8º.
597 _aSign.: a2, b-c4, A-Z4, 2A-2Y4, 2Z2 ; []1, A-Z4, 2A-2K4, 2L3 ; []1, A-Z4, 2A-2I4, 2K2 ; *p2, A-Z4, 2A-2H4, 2I3, a-i4, k1.
597 _aError de pág., empiezan a paginar en la p. 5 en vol. 1º.
650 4 _aReligiosos-
_xBiografías-
_vDiccionarios.
_9163567
852 _aES-MaACL
_jR-424-27
_z-- Enc. pasta
_x-- Olim: D-419-22
999 _c153486
_d153486